000
00335nam a2200145Ia 4500
003
OSt
005
20240109164940.0
008
170524s9999 xx 000 0 und d
020
_a
9788179650264
040
_c
IIMT UNIVERSITY
100
_a
PANT- NC
245
0
_a
PATRKARITA KA ITIHAS
260
_b
N DELHI TAKSHSHILA
942
_2
ddc
_c
02
999
_c
9289
_d
9289